000 01006nam0a22002531 4500
001 rc\510388
005 20260406124801.0
035 _a(NLR Aleph) 005750478
090 _a4834358
_c4834358
100 _a20030616d1987 |||y0rusy50 ca
101 0 _arus
102 _aRU
105 _aa |||||||||
200 1 _aˆ"‰Великая хроника" о Польше, Руси и их соседях XI-XIII вв.
_e[Перевод]
_fПод ред. В.Л. Янина
_g[Вступ. ст., с. 5-50, и коммент. Н.И. Щавелевой]
210 _aМ.
_cИзд-во МГУ
_d1987
215 _a259, [2] с.
_cил., карт.
_d21
320 _aБиблиогр. в примеч.: с. 203-250
320 _aУказ. имен., геогр.: с. 252-260
702 1 _4340
_7ca
_8rus
_aЯнин
_bВ. Л.
_f1929-2020
_gВалентин Лаврентьевич
_9111281
_3RU\NLR\AUTH\771252
801 0 _aRU
_bNLR
_gpsbo
801 1 _aRU
_bELAR
_2rusmarc
852 _aNLR
_j87-3/12160
942 _cBOOK
980 _aNB